| 000 | 00863cam a2200289 a 4500 | ||
|---|---|---|---|
| 001 | 3532582 | ||
| 005 | 20170105102347.0 | ||
| 008 | 960516s1996 nyua 001 0 eng | ||
| 010 | _a 96149396 | ||
| 020 | _a0387964053 | ||
| 040 |
_aDLC _cDLC _dDLC |
||
| 050 | 0 | 0 |
_aQA303 _b.L256 1996 |
| 082 | 0 | 0 |
_a515.84 _220 |
| 100 | 1 |
_aLang, Serge, _d1927-2005. |
|
| 245 | 1 | 0 |
_aCalculus of several variables _cSerge Lang. |
| 250 | _a3rd ed. | ||
| 260 |
_aNew York : _bSpringer, _c1996. |
||
| 300 |
_axii,494 p. : _bill. ; _c25 cm. |
||
| 440 | 0 | _aUndergraduate texts in mathematics | |
| 500 | _a"Fourth corrected printing"--T.p. verso. | ||
| 500 | _aIncludes index. | ||
| 650 | 0 | _aCalculus. | |
| 650 | 0 | _aFunctions of several real variables. | |
| 906 |
_a7 _bcbc _corignew _d2 _encip _f19 _gy-gencatlg |
||
| 942 |
_2ddc _cBK |
||
| 999 |
_c11721 _d11721 |
||